Diagnóstico y definición de prioridades para la conservación y manejo de la biodiversidad en la ecoregión de los llanos (Registro nro. 2220)

Detalles MARC
000 -CABECERA
Campo de control 00842nam a2200253 a 4500
005 - FECHA Y HORA DE LA ULTIMA TRANSACCION
Campo de control 20200104041530.0
008 - ELEMENTOS DE LONGITUD FIJA—INFORMACION GENERAL
Campo de control 140304b1997 ve ||||| |||| 00| 0 spa d
040 ## - FUENTE DE CATALOGACIÓN
Agencia catalogadora original CO-BoIAVH
Agencia transcriptora CO-BoIAVH
041 ## - IDIOMA
Código de idioma para texto/pista de sonido o título separado Español
044 ## - PAÍS DE PUBLICACIÓN
País de publicación Venezuela
090 ## - CLASIFICACIÓN LOCAL
Colección LB
Consecutivo 02043
100 ## - ASIENTO PRINCIPAL--NOMBRE PERSONAL
Nombre personal Arteaga P., Alfredo A.
245 ## - MENCION DE TITULO
Título Diagnóstico y definición de prioridades para la conservación y manejo de la biodiversidad en la ecoregión de los llanos
260 ## - PUBLICACION, DISTRIBUCION, ETC. (PIE DE IMPRENTA)
Lugar de publicación, distribución, etc. Caracas
Nombre del editor, distribuidor, etc. FUDENA
Fecha de publicación, distribución, etc. 1997
300 ## - DESCRIPCION FISICA
Extensión 30
650 ## - ASIENTO SECUNDARIO DE MATERIA - TERMINO TEMATICO
Término temático o nombre geográfico como elemento de entrada Manejo de biodiversidad
650 ## - ASIENTO SECUNDARIO DE MATERIA - TERMINO TEMATICO
Término temático o nombre geográfico como elemento de entrada Conservación de biodiversidad
650 ## - ASIENTO SECUNDARIO DE MATERIA - TERMINO TEMATICO
Término temático o nombre geográfico como elemento de entrada Ecorregiones
650 ## - ASIENTO SECUNDARIO DE MATERIA - TERMINO TEMATICO
Término temático o nombre geográfico como elemento de entrada Especies prioritarias de conservación
650 ## - ASIENTO SECUNDARIO DE MATERIA - TERMINO TEMATICO
Término temático o nombre geográfico como elemento de entrada Areas prioritarias de conservación
662 ## - ASIENTO SECUNDARIO DE MATERIA - JERARQUIA DEL NOMBRE DE LUGAR(
País o entidad mayor Colombia
Jurisdicción política intermedia Orinoquia
700 ## - ASIENTO SECUNDARIO - NOMBRE PERSONAL
Nombre personal Herrera C., Ana María
942 ## - ELEMENTOS ADICIONALES (KOHA)
Tipo de ítem Informe Técnico
Sistema de clasificación Local
Existencias
Withdrawn status Lost status Sistema de Clasificación Damaged status No para préstamo Colección Inventariado Ubicación Permanente Ubicación actual Fecha de adquisición Fuente de Valor Total Checkouts Número topográfico Inventario / Código de Barras Date last seen Ejemplar Price effective from Forma de adquisición Tipo de material
    Local     General Inventariado 2017 Bogotá Bogotá 26/04/2001 Hernández Salgar, Ana María   LB-02043 002782 17/04/2013 Ej. 1 04/12/2012   Informe Técnico